Statistics for Countries - One, All or None?

Click here to take the quiz!

General Stats

  • This quiz has been taken 30 times
  • The average score is 10 of 18

Answer Stats

QuestionAnswer% Correct
A country in Asia.Japan
100%
Borders the Atlantic Ocean.All of the above
81%
An island country.Singapore
74%
A member of NATO.All of the above
70%
Permanent member of the UN Security Council.France
70%
Capital city consists of two separate wordsUnited Arab Emirates
70%
Has participated in the Eurovision Song ContestAll of the above
63%
Became independent in the 21th centurySouth Sudan
63%
Has red on its flag.None
59%
Borders more than six countries.Poland
56%
Was officially neutral during all of World War II.Spain
56%
Capital city starts with a vowel.None
52%
Majority muslim.Mali
48%
Has a higher average elevation than that of the Earth.None
41%
Has had a female Head of Government.All of the above
33%
Legalized same-sex marriage before 2010.South Africa
22%
Has won a FIFA World Cup or Women's World Cup.Norway
15%
Currently produces nuclear power.Finland
7%

Score Distribution

Percentile by Number Answered

Percent of People with Each Score

Your Score History

You have not taken this quiz